|
|
|
|
| LEADER |
01925nam a22005415i 4500 |
| 001 |
978-1-4020-2516-7 |
| 003 |
DE-He213 |
| 005 |
20151204161833.0 |
| 007 |
cr nn 008mamaa |
| 008 |
100301s2004 ne | s |||| 0|eng d |
| 020 |
|
|
|a 9781402025167
|9 978-1-4020-2516-7
|
| 024 |
7 |
|
|a 10.1007/1-4020-2516-5
|2 doi
|
| 040 |
|
|
|d GrThAP
|
| 050 |
|
4 |
|a QH541.5.W3
|
| 050 |
|
4 |
|a QH541.5.F7
|
| 050 |
|
4 |
|a QH541.5.S3
|
| 072 |
|
7 |
|a PSAF
|2 bicssc
|
| 072 |
|
7 |
|a PSP
|2 bicssc
|
| 072 |
|
7 |
|a SCI020000
|2 bisacsh
|
| 072 |
|
7 |
|a SCI039000
|2 bisacsh
|
| 082 |
0 |
4 |
|a 577.6
|2 23
|
| 082 |
0 |
4 |
|a 577.7
|2 23
|
| 100 |
1 |
|
|a Golterman, Han L.
|e author.
|
| 245 |
1 |
4 |
|a The Chemistry of Phosphate and Nitrogen Compounds in Sediments
|h [electronic resource] /
|c by Han L. Golterman.
|
| 264 |
|
1 |
|a Dordrecht :
|b Springer Netherlands,
|c 2004.
|
| 300 |
|
|
|a XXV, 251 p.
|b online resource.
|
| 336 |
|
|
|a text
|b txt
|2 rdacontent
|
| 337 |
|
|
|a computer
|b c
|2 rdamedia
|
| 338 |
|
|
|a online resource
|b cr
|2 rdacarrier
|
| 347 |
|
|
|a text file
|b PDF
|2 rda
|
| 505 |
0 |
|
|a Nature and properties of sediment -- Chemical composition of freshwater -- Sediment and the phosphate cycle -- Sediment and the phosphate cycle -- Sediment and the nitrogen cycle -- Methodological aspects.
|
| 650 |
|
0 |
|a Life sciences.
|
| 650 |
|
0 |
|a Geochemistry.
|
| 650 |
|
0 |
|a Ecology.
|
| 650 |
|
0 |
|a Aquatic ecology.
|
| 650 |
|
0 |
|a Water pollution.
|
| 650 |
1 |
4 |
|a Life Sciences.
|
| 650 |
2 |
4 |
|a Freshwater & Marine Ecology.
|
| 650 |
2 |
4 |
|a Geochemistry.
|
| 650 |
2 |
4 |
|a Waste Water Technology / Water Pollution Control / Water Management / Aquatic Pollution.
|
| 650 |
2 |
4 |
|a Ecology.
|
| 710 |
2 |
|
|a SpringerLink (Online service)
|
| 773 |
0 |
|
|t Springer eBooks
|
| 776 |
0 |
8 |
|i Printed edition:
|z 9781402019517
|
| 856 |
4 |
0 |
|u http://dx.doi.org/10.1007/1-4020-2516-5
|z Full Text via HEAL-Link
|
| 912 |
|
|
|a ZDB-2-SBL
|
| 912 |
|
|
|a ZDB-2-BAE
|
| 950 |
|
|
|a Biomedical and Life Sciences (Springer-11642)
|